Statistics for Countries that border The Democratic Republic of The Congo

Click here to take the quiz!

General Stats

  • This quiz has been taken 429 times
    (419 since last reset)
  • The average score is 8 of 9

Answer Stats

HintAnswer% Correct
EastRwanda
96%
SouthAngola
95%
WestCabinda (Province of Angola)
95%
NorthCentral African Republic
95%
EastUganda
95%
EastBurundi
93%
NorthSouth Sudan
91%
SouthZambia
91%
WestRepublic of The Congo
89%

Score Distribution

Percentile by Number Answered

Percent of People with Each Score

Your Score History

You have not taken this quiz since the last reset